Are surveyors on the endangered list? (Record no. 71430)
[ view plain ]
| 000 -LEADER | |
|---|---|
| fixed length control field | 01125cam a2200229 4500 |
| 001 - CONTROL NUMBER | |
| control field | ABS66096 |
| 008 - FIXED-LENGTH DATA ELEMENTS--GENERAL INFORMATION | |
| fixed length control field | 021024n2002 000 0 eng u |
| 035 ## - SYSTEM CONTROL NUMBER | |
| System control number | (Sirsi) u120239 |
| 100 ## - MAIN ENTRY--PERSONAL NAME | |
| Personal name | Williamson, C. |
| 245 ## - TITLE STATEMENT | |
| Title | Are surveyors on the endangered list? |
| 260 ## - PUBLICATION, DISTRIBUTION, ETC. | |
| Date of publication, distribution, etc. | 2002 |
| 490 ## - SERIES STATEMENT | |
| Series statement | Estates Gazette |
| Volume/sequential designation | (0238) 21 September 2002, 188-189(2) |
| 520 ## - SUMMARY, ETC. | |
| Summary, etc. | Warns that the profession needs to attract students away from what are perceived as trendier and more well-paid jobs, or surveying will suffer long-term decline. Also questions why the industry is not recruiting more women. Argues that the importance of the built environment to everyone needs to be publicised more, and that in order to change the situation for the better, professional bodies have a key role in helping by working with student and universities and communicating with potential students. Graphs. |
| 590 ## - LOCAL NOTE (RLIN) | |
| Local note | ABS |
| 650 ## - SUBJECT ADDED ENTRY--TOPICAL TERM | |
| Topical term or geographic name entry element | BUILT ENVIRONMENT |
| 650 ## - SUBJECT ADDED ENTRY--TOPICAL TERM | |
| Topical term or geographic name entry element | PROFESSIONAL BODIES |
| 650 ## - SUBJECT ADDED ENTRY--TOPICAL TERM | |
| Topical term or geographic name entry element | UNIVERSITIES |
| 650 ## - SUBJECT ADDED ENTRY--TOPICAL TERM | |
| Topical term or geographic name entry element | PUBLICITY |
| 650 ## - SUBJECT ADDED ENTRY--TOPICAL TERM | |
| Topical term or geographic name entry element | MARKETING |
| 690 ## - LOCAL SUBJECT ADDED ENTRY--TOPICAL TERM (OCLC, RLIN) | |
| Topical term or geographic name as entry element | MANAGEMENT-BUSINESS MANAGEMENT-PROFESSIONAL PRACTICE |
| 942 ## - ADDED ENTRY ELEMENTS (KOHA) | |
| Suppress in OPAC | 0 |
| Withdrawn status | Lost status | Source of classification or shelving scheme | Damaged status | Not for loan | Home library | Current library | Shelving location | Date acquired | Total Checkouts | Full call number | Barcode | Date last seen | Copy number | Price effective from | Koha item type |
|---|---|---|---|---|---|---|---|---|---|---|---|---|---|---|---|
| Dewey Decimal Classification | London | London | Journal article | 24/10/2002 | ABS66096 | 120239-1001 | 06/08/2019 | 1 | 06/08/2019 | Journal article |